|
|
|
|
| LEADER |
00000cam a22000004a 4500 |
| 001 |
musev2_12640 |
| 003 |
MdBmJHUP |
| 005 |
20230905041414.0 |
| 006 |
m o d |
| 007 |
cr||||||||nn|n |
| 008 |
110412s2011 miu o 00 0 eng d |
| 010 |
|
|
|z 2011015226
|
| 020 |
|
|
|a 9780814336670
|
| 020 |
|
|
|z 9780814335161
|
| 035 |
|
|
|a (OCoLC)777565431
|
| 040 |
|
|
|a MdBmJHUP
|c MdBmJHUP
|
| 043 |
|
|
|a n-us---
|
| 050 |
0 |
4 |
|a BM755.L5
|b R83 2011
|
| 082 |
0 |
|
|a 296.8/341092
|a B
|2 22
|
| 100 |
1 |
|
|a Ruben, Bruce,
|d 1952-
|
| 245 |
1 |
0 |
|a Max Lilienthal :
|b The Making of the American Rabbinate /
|c Bruce L. Ruben.
|
| 264 |
|
1 |
|a Detroit :
|b Wayne State University Press,
|c 2011.
|
| 264 |
|
3 |
|a Baltimore, Md. :
|b Project MUSE,
|c 2012
|
| 264 |
|
4 |
|c ©2011.
|
| 300 |
|
|
|a 1 online resource (384 pages).
|
| 336 |
|
|
|a text
|b txt
|2 rdacontent
|
| 337 |
|
|
|a computer
|b c
|2 rdamedia
|
| 338 |
|
|
|a online resource
|b cr
|2 rdacarrier
|
| 504 |
|
|
|a Includes bibliographical references and index.
|
| 505 |
0 |
|
|a German origins: between reaction and modernity -- Exporting Haskalah: the Russian mission -- On to America: congregational rabbi -- The evolution of a reformer -- Fighting for a moderate reform agenda -- Creating the new American rabbi -- The quest to unite American Jewry -- Legacy.
|
| 588 |
|
|
|a Description based on print version record.
|
| 600 |
1 |
0 |
|a Lilienthal, M. E.
|q (Max E.),
|d 1815-1882.
|
| 650 |
|
0 |
|a Reform Judaism
|z United States.
|
| 650 |
|
0 |
|a Rabbis
|z United States
|v Biography.
|
| 655 |
|
7 |
|a Electronic books.
|2 local
|
| 710 |
2 |
|
|a Project Muse.
|e distributor
|
| 830 |
|
0 |
|a Book collections on Project MUSE.
|
| 856 |
4 |
0 |
|z Texto completo
|u https://projectmuse.uam.elogim.com/book/12640/
|
| 945 |
|
|
|a Project MUSE - Custom Collection
|
| 945 |
|
|
|a Project MUSE - 2011 Jewish Studies
|
| 945 |
|
|
|a Project MUSE - 2011 Complete
|
| 945 |
|
|
|a Project MUSE - 2011 Philosophy and Religion
|